000 00766nam a22002177a 4500
005 20081020104541.0
008 081020t xxu||||| |||| 00| 0 eng d
010 _aENG-84130
020 _a8183241298
020 _c595.00 (hb)
035 _aEN-67663
082 _a338.4791068 / BIJ
100 _aBiju, M R
245 _aSustainable dimensions of tourism management /
_cby M R Biju
260 _aNew Delhi
_bMittal Publications
260 _c2006
300 _axviii,261p
_c22cm
500 _aIncludes bibliographical references and index
942 _2ddc
_cEN
_h338.4791068
_mBIJ
999 _c17094
_d17094